Opening Strategies 1 <An> Integrated Language Course for Beginners of English

Salvato in:
Dettagli Bibliografici
Autore principale: Abbs, Brian
Altri autori: Freebairn, Ingrid
Natura: Libro
Lingua:inglese
Pubblicazione: Harlow Longman 1982
Edizione:1. ed.
Soggetti:
Tags: Aggiungi Tag
Nessun Tag, puoi essere il primo ad aggiungerne!!

MARC

LEADER 00000nam a2200000 4500
001 c000468
005 20221207073947.7
020 |a 0-582-51690-0 
041 0 |a eng 
044 |a GB 
245 1 0 |a Opening Strategies 1  |b <An> Integrated Language Course for Beginners of English  |c Brian Abbs, Ingrid Freebairn 
250 |a 1. ed. 
264 1 |a Harlow  |b Longman  |c 1982 
300 |a 128 s. 
610 2 0 |a jazykoveda 
610 2 0 |a kurzy 
610 2 0 |a Veľká Británia 
610 2 0 |a Amerika 
610 2 0 |a terminológia 
610 2 0 |a pojmy 
610 2 0 |a štylistika 
100 1 |a Abbs, Brian 
700 1 |a Freebairn, Ingrid